00347nam a2200121 a 450000500170000000800410001705000210005824500380007926000420011765000250015965000220018465000190020620140414093837.0021220s19uu xx 00 eng d aCD 780bLop 2002 aJennifer Lopez this is me... then aN.Y.bSony Music Entertainmentcc2002 aWorld hits (Female). aTop hits (Female) aPopular music.